Movies Quiz

Random Movies or Actress Quiz
Score 0/16 Timer 05:00
4 Plays Today
% Correct
Dory (Finding Dory)
97.1%
Spock
(Star Trek series)
95.7%
Anna (Frozen)
94.9%
Harry Potter
(Harry Potter series)
92.7%
Agent K
(Men in Black 3)
91.3%
Obi-Wan Kenobi
(Star Wars series)
90.6%
Judy Hopps
(Zootopia)
90.1%
Cosette
(Les Misérables)
88.3%
% Correct
Mike O'Donnell
(17 Again)
88.1%
Riley Andersen
(Inside Out)
86.5%
Joe (Looper)
85.9%
Tony Stark
(Captain America:
Civil War)
84.1%
Briony Tallis
(Atonement)
81.7%
Salim Malik
(Slumdog Millionaire)
77.3%
Pi Patel (Life of Pi)
75.7%
Vincent Freeman
(Gattaca)
68.8%
Remove Ads.
Support Sporcle.
Get the best of Sporcle when you Go Orange. This ad-free experience offers more features, more stats, and more fun while also helping to support Sporcle. Thank you for becoming a member.

You're not logged in!

Compare scores with friends on all Sporcle quizzes.
OR
Log In

Sporcle TV

Today on Sporcle TV


Watch our educational content, quiz creation guides, and fun videos on Sporcle TV.

Show Comments

Extras

Top Quizzes Today


Score Distribution

Paid Content

Your Account Isn't Verified!

In order to create a playlist on Sporcle, you need to verify the email address you used during registration. Go to your Sporcle Settings to finish the process.

Report this User

Report this user for behavior that violates our Community Guidelines.

Details: